Logic in medicine / (Record no. 4918)

MARC details
000 -LEADER
fixed length control field 00922nam a2200265 a 4500
001 - CONTROL NUMBER
control field 2113952
003 - CONTROL NUMBER IDENTIFIER
control field OSt
005 - DATE AND TIME OF LATEST TRANSACTION
control field 20160803181844.0
008 - FIXED-LENGTH DATA ELEMENTS--GENERAL INFORMATION
fixed length control field 960501s1995 enka b 001 0 eng
010 ## - LIBRARY OF CONGRESS CONTROL NUMBER
LC control number 96143499
020 ## - INTERNATIONAL STANDARD BOOK NUMBER
International Standard Book Number 0727908545
040 ## - CATALOGING SOURCE
Original cataloging agency DLC
Transcribing agency DLC
082 ## - DEWEY DECIMAL CLASSIFICATION NUMBER
Classification number WB 141
Item number L828 1995
245 00 - TITLE STATEMENT
Title Logic in medicine /
Statement of responsibility, etc. edited by Calbert I. Phillips.
250 ## - EDITION STATEMENT
Edition statement 2nd ed., [rev. and expanded].
260 ## - PUBLICATION, DISTRIBUTION, ETC. (IMPRINT)
Place of publication, distribution, etc. London :
Name of publisher, distributor, etc. BMJ Pub. Group,
Date of publication, distribution, etc. 1995.
300 ## - PHYSICAL DESCRIPTION
Extent x, 219 p. :
Other physical details ill. ;
Dimensions 22 cm.
504 ## - BIBLIOGRAPHY, ETC. NOTE
Bibliography, etc Includes bibliographical references and index.
650 #0 - SUBJECT ADDED ENTRY--TOPICAL TERM
Topical term or geographic name as entry element Medical logic.
9 (RLIN) 2025
700 1# - ADDED ENTRY--PERSONAL NAME
Personal name Phillips, Calbert I.
9 (RLIN) 4803
730 0# - ADDED ENTRY--UNIFORM TITLE
Uniform title British medical journal.
9 (RLIN) 10563
906 ## - LOCAL DATA ELEMENT F, LDF (RLIN)
a 7
b cbc
c orignew
d 3
e ncip
f 19
g y-gencatlg
942 ## - ADDED ENTRY ELEMENTS (KOHA)
Source of classification or shelving scheme Other/Generic Classification Scheme
Koha item type Open Shelf
Holdings
Withdrawn status Lost status Source of classification or shelving scheme Damaged status Not for loan Home library Current library Date acquired Source of acquisition Inventory number Total Checkouts Full call number Barcode Date last seen Date last checked out Price effective from Koha item type
    Other/Generic Classification Scheme     MUST Main Library MUST Main Library 03/08/2016   2003/18189 1 WB 141 L828 1995 2016-3523 08/11/2021 30/09/2021 03/08/2016 Open Shelf